Регионална библиотека "Любен Каравелов" - Русе

Ерата на изкуствения интелект и нашето човешко бъдеще (Запис номер 525117)

MARC детайли
000 -Лидер
Лидер 02015nam a2200373 a 4500
003 - Код на организацията, давaща контролен номер
Код на организацията, даваща контролен номер BLK
005 - Дата и час на последна редакция
Дата и час на последна редакция 20250731143539.0
008 - Елементи от данни с фиксирана дължина
Елементи с фиксирана дължина 240313b bul|||||r ||||||| ||bul||
020 ## - Международен стандартен номер на книга ISBN
ISBN 9789543988334
040 ## - Източник на каталожния запис
Код на библиотеката BLK
041 ## - Код за език
Език Български
Език за КДБФ Български
080 ## - УДК
УДК текст Изкуствен интелект
УДК код 004.8
УДК – код + определител 004.8
9 (RLIN) 231509
080 ## - УДК
УДК текст Автоматични системи без човек-оператор. Автомати. Роботи. Изкуствен интелект и др. п.
УДК код 007.52
УДК – код + определител 007.52
9 (RLIN) 226542
080 ## - УДК
УДК текст Международни политически отношения. Световна политика. Международна политика. Дипломация
УДК код 327
УДК – определител (100)(091)
УДК – код + определител 327(100)(091)
9 (RLIN) 234387
100 1# - Редна дума - Автор
Автор Кисинджър, Хенри Алфред
R(LIN) 79299
245 10 - Сведения за заглавието
Заглавие Ерата на изкуствения интелект и нашето човешко бъдеще
Авторска отговорност Хенри Кисинджър, Ерик Шмит, Даниел Хутенлохер ; прев. от англ. Ивайло Данаилов
257 ## - Страна на издаване
Страна на създаване/издаване Съединени американски щати
260 ## - Област на издателските данни
Място на издаване София
Име на издателя Труд
Година на издаване 2024
Печатница (В. Търново : Абагар)
9 (RLIN) 209481
300 ## - Физическа характеристика
Брой страници 183 с.
Размер 23 см
380 ## - Жанр
Жанр Общ отдел
490 ## - СЕРИИ (Колекции)
Серия Поредица Нобелисти
500 ## - Общи забележки
Обща забележка Ориг. загл.: The Age of A. I. and our Human Future / Henry A. Kissinger, Eric Schmidt, Daniel Huttenlocher. - Биогр. данни за авт.
650 #0 - Допълнително описание по предмет – тема
Предметна рубрика Изкуствен интелект - социални проблеми
9 (RLIN) 489552
650 #0 - Допълнително описание по предмет – тема
Предметна рубрика Международна политика
9 (RLIN) 254556
700 ## - Други автори (авторска отговорност)
Друг автор Данаилов, Ивайло
9 (RLIN) 252627
700 ## - Други автори (авторска отговорност)
Друг автор Шмит, Ерик
9 (RLIN) 408415
700 ## - Други автори (авторска отговорност)
Друг автор Хутенлохер, Даниел
9 (RLIN) 496918
852 ## - Местоположение
Отдел Заемна - подръчен фонд
Систематично-азбучна сигнатура 004/К 60 Х
856 4# - Електронен адрес и достъп
Електронен формат pdf - файл
856 4# - Електронен адрес и достъп
Електронен формат pdf - файл
942 ## - АРТИКУЛИ
Вид на библиотечния документ Книги
Скрит в OPAC Не
Koha issues (borrowed), all copies 3
944 ## - СЪЗДАВАНЕ И РЕДАКЦИЯ на ЗАПИСА
Дата на регистрацията/редакция Геновева Генчева
Служител, извършил регистрацията/редакцията 30576
Номер на служител Цветомила Тодорова
Създаване/Редакция
999 ## - СИСТЕМНИ КОНТРОЛНИ НОМЕРА
Koha biblionumber 525117
Koha biblioitemnumber 525117
Наличности
Код за отписване Код за изгубен артикул Източник на класификационната схема Код за повреда Код за отдаване Артикулен № Име на библиотеката - собственик Име на библиотеката, в която се намира в момента Статус (Текущо местоположение) Дата на вписване в системата Местоположение - отдел Цена в лева Инвентарен номер Систематично азбучна сигнатура Баркод Цена в евро Служебен тип на артикула
  Не е изгубен Universal Decimal Classification Не е повреден заемане за дома 959663 Регионална библиотека "Любен Каравелов" Русе Регионална библиотека "Любен Каравелов" Русе Заемна - подръчен фонд 2025-01-29 Заемна - подръчен фонд 33.75 120000917302 004/К 60 Х 120000917302 17.26 Книги
Vip Innovations Ltd, Rousse, Bulgaria 2025